000
00292nam a22001337a 4500
020
_a
978-1-84646-362-4
082
_a
823
_b
MUR/K
100
_a
MURRAY, WILLIAM
245
_a
KATE AND THE CROCODILE
260
_a
UK
_b
LADYBIRD
300
_a
41
650
_a
ENGLISH SHORT STORY
_z
UK
942
_c
BK
999
_c
4644
_d
4644